Statistics for Name the Countries of South America in 30 Seconds

Click here to take the quiz!

General Stats

  • This quiz has been taken 158 times
    (136 since last reset)
  • The average score is 10 of 12

Answer Stats

Countries of South America% Correct
Brazil
98%
Argentina
90%
Peru
87%
Ecuador
84%
Colombia
83%
Chile
82%
Paraguay
82%
Uruguay
82%
Suriname
78%
Venezuela
74%
Bolivia
73%
Guyana
73%

Score Distribution

Percentile by Number Answered

Percent of People with Each Score

Your Score History

You have not taken this quiz since the last reset